Recursos no Processo do Trabalho

Detalles Bibliográficos
Autor principal: Bebber, Jl︢io Cšar
Formato: eBook
Lenguaje:portugués
Publicado: San Pablo: LTR, 2020
Materias:
Acceso en línea:Acceso restringido

MARC

LEADER 00000nam a22000007a 4500
005 20220511222031.0
007 cr|||| ||||
008 220511s2020 br |||||s|||| 00||0 por d
020 |a 978-85-301-0210-4 
035 |a 36387 
040 |a vLex 
090 |c 13324  |d 13324 
100 1 |a Bebber, Jl︢io Cšar 
245 1 0 |a Recursos no Processo do Trabalho  |h [Recurso electrn̤ico] /  |c Jl︢io Cšar Bebber 
256 |a Servicio en ln̕ea 
260 |a San Pablo:  |b LTR,  |c 2020 
300 |a 1 recurso electrn̤ico 
500 |a Esta 5® ediȯ̂ do livro Recursos no Processo do Trabalho foi revisada, ampliada e atualizada de acordo com as Leis ns. 13.015/2014, 13.105/2015 (NCPC), 13.467/2017, 13.545/2017, 13.874/2019, com as Instruė̳s Normativas ns. 41/2019, 40/2016, 39/2016, 38/2015, 37/2015 do TST, com a Resoluȯ̂ n. 185/2017 do CSJT, com Provimentos da CGJT e com a jurisprudn̊cia recente. Trata-se, portanto, de ferramenta indispensv̀el ao acadm̊ico, ao jurista prt̀ico e a todos os que se dedicam ao estudo cientf̕ico dos recursos. 
506 1 |a Disponible solo en los productos indicados  |d vLex Global  |d vLex Global (Academic Edition, excluding Law Schools)  |d vLex Global (U.S. Academic Edition, Law Schools)  |d vLex Global (U.S. Academic Edition, excluding Law Schools)  |d vLex Global (Academic Edition, Law Schools) 
650 0 4 |a Procedimiento Laboral  |z Brasil 
740 0 |a vLex Libros (Servicio en ln̕ea) 
856 4 0 |u https://app.vlex.com/#/sources/36387  |z Acceso restringido 
942 |c BOOK 
999 0 |a Labor Procedure